000
00211 a2200097 4500
020
_a
9780547735023
041
_a
eng
100
_a
Jonathan Safran Foer
245
_a
Extremely loud y incredibly close
942
_c
BK
999
_c
30580
_d
30578